Women's studies international forum.

Bibliographic Details
New Title:Hypatia
Previous Title:Women's studies international quarterly
Feminist forum
Format: Journal
Language:English
Published: Oxford ; New York : Pergamon, [1982-]
Subjects:
Online Availability: Check for online availability

MARC

Tag First Indicator Second Indicator Subfields
LEADER 00000cas a2200000 a 4500
001 in00000075037
005 20151008060251.0
008 810716c19829999enkbrzp b 0 a0eng d
010 |a  82643383   |z sn 81001570  
012 |a 3  |b 3  |j 1  |k 1  |l 1 
022 0 |a 0277-5395 
030 |a WSINDA 
035 |a (OCoLC)ocm07590245 
035 |a (OCoLC)07590245 
035 |9 AAJ5433AM 
037 |b Pergamon Press, Maxwell House, Fairview Park, Elmsford, NY 10523 
040 |a NSD  |c NSD  |d DLC  |d NSD  |d DLC  |d NST  |d DLC  |d NST  |d AIP  |d NST  |d AIP  |d NST  |d NSD  |d NST  |d IUL  |d DLC  |d NST  |d DLC  |d NSD  |d NST  |d IUL  |d NST  |d GUA  |d MYG  |d CUS  |d SYS  |d UtOrBLW 
042 |a lc  |a nsdp 
049 |a TXAM 
050 0 0 |a HQ1101  |b .W775 
082 0 |a 305.4/05 
210 0 |a Women's stud. int. forum 
222 0 |a Women's studies international forum 
245 0 0 |a Women's studies international forum. 
264 1 |a Oxford ;  |a New York :  |b Pergamon,  |c [1982-] 
264 4 |c ©1982- 
300 |a volumes :  |b illustrations ;  |c 25 cm. 
310 |a Bimonthly 
336 |a text  |b txt  |2 rdacontent 
337 |a unmediated  |b n  |2 rdamedia 
338 |a volume  |b nc  |2 rdacarrier 
362 0 |a Vol. 5, no. 1- 
500 |a Title from cover. 
510 2 |a America, history and life  |x 0002-7065  |b 1982- 
510 2 |a Historical abstracts. Part A. Modern history abstracts  |x 0363-2717  |b 1982- 
510 2 |a Historical abstracts. Part B. Twentieth century abstracts  |x 0363-2725  |b 1982- 
510 2 |a International labour documentation  |x 0020-7756 
510 2 |a Psychological abstracts  |x 0033-2887  |b 1982- 
510 2 |a Recently published articles  |x 0145-5311 
510 2 |a Writings on American history  |x 0364-2887 
530 |a Available on microfiche simultaneously with paper edition and on microfilm at end of subscription year. 
580 |a Vols. for 1982-1986 include separately published Feminist forum; absorbed same title sometime after 1986. 
580 |a Has special issues (v. 6, no. 6; v. 7, no. 5; v. 8, no. 3) with title: Hypatia, published separately beginning spring 1986. 
530 |a Available also by subscription via the World Wide Web. 
650 0 |a Women's studies  |v Periodicals. 
650 0 |a Feminism  |v Periodicals. 
650 0 |a Women's periodicals. 
730 0 |a Feminist forum. 
777 1 |t Feminist forum  |x 0732-6378  |w (DLC) 82643382  |w (OCoLC)8393814 
780 0 0 |t Women's studies international quarterly  |x 0148-0685  |w (DLC) 81642172  |w (OCoLC)3712026 
780 1 5 |t Feminist forum  |x 0732-6378  |w (DLC) 82643382  |w (OCoLC)8393814 
785 1 1 |t Hypatia  |x 0887-5480  |w (DLC) 87655721  |w (OCoLC)13312118 
850 |a AAP  |a AU  |a AzU  |a C  |a CSt  |a CU  |a CU-Riv  |a CU-S  |a CU-SB  |a CaMWUC  |a CaOLU  |a CaOONH  |a CaOONL  |a CaOWA  |a CaOWtU  |a CaSSU  |a CoFS  |a CoU  |a CtY  |a DGW  |a DLC  |a DeU  |a FU  |a GASU  |a GU  |a ICarbS  |a IEN  |a IU  |a IaAS  |a IaU  |a InLP  |a InU  |a KMK  |a KyLoU  |a KyU  |a LU  |a MBMU  |a MBU  |a MCM  |a MChB  |a MH  |a MNS  |a MShM  |a MWH  |a MdBJ  |a MiDW  |a MiEM  |a MiU  |a N  |a NBC  |a NCH  |a NN  |a NNC  |a NRU  |a NSyU  |a NcD  |a NcRS  |a NcU  |a NcWsW  |a NdU  |a NhU  |a NjP  |a NjR  |a NmU  |a NvU  |a OU  |a OrU  |a PPT  |a PPiU  |a PSt  |a PU  |a RPB  |a TxCM  |a TxU  |a ViBlbV  |a ViU  |a ViW  |a WaU  |a WvU  |a WyU 
891 0 3 |9 853  |8 1  |a v.  |i (year) 
891 4 0 |9 863  |8 1  |a <1>-  |i <1978>-  |x provisional 
936 |a Vol. 19, no. 4 (July-Aug. 1996) LIC 
948 |a MFHD URL added  |b h  |c 2002/10/14  |d c  |e rstovall5  |f 4:07:09 pm 
994 |a E0  |b TXA 
944 |a stk  |h REPL<121145>REP-SAME<>REF<dianar>  |m Replacement on order v.17 1994  |i items: v.17 1994 
999 |a MARS 
999 f f |s d9dd2ca7-282d-390f-9800-a77d217ac719  |i cd654b79-1f26-3441-a27f-a6dcb40ccf4a  |t 0 
952 f f |p ric  |a Texas A&M University  |b Rellis Campus  |c Joint Library Facility  |d Remote Storage  |t 0  |e HQ1101 .W6553  |h Library of Congress classification  |i unmediated -- volume  |k v.18  |l 1995  |m A14819881559 
952 f f |p ric  |a Texas A&M University  |b Rellis Campus  |c Joint Library Facility  |d Remote Storage  |t 0  |e HQ1101 .W6553  |h Library of Congress classification  |i unmediated -- volume  |k v.9  |l 1986  |m A14811193960 
952 f f |p ric  |a Texas A&M University  |b Rellis Campus  |c Joint Library Facility  |d Remote Storage  |t 0  |e HQ1101 .W6553  |h Library of Congress classification  |i unmediated -- volume  |k v.21  |l 1998  |m A14826009087 
952 f f |p ric  |a Texas A&M University  |b Rellis Campus  |c Joint Library Facility  |d Remote Storage  |t 0  |e HQ1101 .W6553  |h Library of Congress classification  |i unmediated -- volume  |k v.17  |l 1994  |m A14819006060 
952 f f |p ric  |a Texas A&M University  |b Rellis Campus  |c Joint Library Facility  |d Remote Storage  |t 0  |e HQ1101 .W6553  |h Library of Congress classification  |i unmediated -- volume  |k v.25:no.1-3  |l 2002:Jan./Feb.-May/June  |m A14830197923 
952 f f |p ric  |a Texas A&M University  |b Rellis Campus  |c Joint Library Facility  |d Remote Storage  |t 0  |e HQ1101 .W6553  |h Library of Congress classification  |i unmediated -- volume  |k v.14  |l 1991  |m A14815594833 
952 f f |p ric  |a Texas A&M University  |b Rellis Campus  |c Joint Library Facility  |d Remote Storage  |t 0  |e HQ1101 .W6553  |h Library of Congress classification  |i unmediated -- volume  |k v.11:no.4-6  |l 1988  |m A14811854370 
952 f f |p ric  |a Texas A&M University  |b Rellis Campus  |c Joint Library Facility  |d Remote Storage  |t 0  |e HQ1101 .W6553  |h Library of Congress classification  |i unmediated -- volume  |k v.8  |l 1985  |m A14812192179 
952 f f |p ric  |a Texas A&M University  |b Rellis Campus  |c Joint Library Facility  |d Remote Storage  |t 0  |e HQ1101 .W6553  |h Library of Congress classification  |i unmediated -- volume  |k v.7  |l 1984  |m A14811208309 
952 f f |p ric  |a Texas A&M University  |b Rellis Campus  |c Joint Library Facility  |d Remote Storage  |t 0  |e HQ1101 .W6553  |h Library of Congress classification  |i unmediated -- volume  |k v.12  |l 1989  |m A14812110973 
952 f f |p ric  |a Texas A&M University  |b Rellis Campus  |c Joint Library Facility  |d Remote Storage  |t 0  |e HQ1101 .W6553  |h Library of Congress classification  |i unmediated -- volume  |k v.13  |l 1990  |m A14814352953 
952 f f |p ric  |a Texas A&M University  |b Rellis Campus  |c Joint Library Facility  |d Remote Storage  |t 0  |e HQ1101 .W6553  |h Library of Congress classification  |i unmediated -- volume  |k v.25:no.4-6  |l 2002:July/Aug.-Nov./Dec.  |m A14830197965 
952 f f |p ric  |a Texas A&M University  |b Rellis Campus  |c Joint Library Facility  |d Remote Storage  |t 0  |e HQ1101 .W6553  |h Library of Congress classification  |i unmediated -- volume  |k v.23:no.4-6  |l 2000:July/Aug.-Nov./Dec.  |m A14830200116 
952 f f |p ric  |a Texas A&M University  |b Rellis Campus  |c Joint Library Facility  |d Remote Storage  |t 0  |e HQ1101 .W6553  |h Library of Congress classification  |i unmediated -- volume  |k v.19  |l 1996  |m A14821103608 
952 f f |p ric  |a Texas A&M University  |b Rellis Campus  |c Joint Library Facility  |d Remote Storage  |t 0  |e HQ1101 .W6553  |h Library of Congress classification  |i unmediated -- volume  |k v.24:no.1-3/4  |l 2001:Jan./Feb.-May/Aug.  |m A14830200124 
952 f f |p ric  |a Texas A&M University  |b Rellis Campus  |c Joint Library Facility  |d Remote Storage  |t 0  |e HQ1101 .W6553  |h Library of Congress classification  |i unmediated -- volume  |k v.11:no.1-3  |l 1988  |m A14811853374 
952 f f |p ric  |a Texas A&M University  |b Rellis Campus  |c Joint Library Facility  |d Remote Storage  |t 0  |e HQ1101 .W6553  |h Library of Congress classification  |i unmediated -- volume  |k v.5  |l 1982  |m A14825200444 
952 f f |p ric  |a Texas A&M University  |b Rellis Campus  |c Joint Library Facility  |d Remote Storage  |t 0  |e HQ1101 .W6553  |h Library of Congress classification  |i unmediated -- volume  |k v.23:no.1-3  |l 2000:Jan./Feb.-May/June  |m A14830200108 
952 f f |p ric  |a Texas A&M University  |b Rellis Campus  |c Joint Library Facility  |d Remote Storage  |t 0  |e HQ1101 .W6553  |h Library of Congress classification  |i unmediated -- volume  |k v.10  |l 1987  |m A14811382763 
952 f f |p ric  |a Texas A&M University  |b Rellis Campus  |c Joint Library Facility  |d Remote Storage  |t 0  |e HQ1101 .W6553  |h Library of Congress classification  |i unmediated -- volume  |k v.22  |l 1999  |m A14827334370 
952 f f |p ric  |a Texas A&M University  |b Rellis Campus  |c Joint Library Facility  |d Remote Storage  |t 0  |e HQ1101 .W6553  |h Library of Congress classification  |i unmediated -- volume  |k v.20  |l 1997  |m A14823644171 
952 f f |p ric  |a Texas A&M University  |b Rellis Campus  |c Joint Library Facility  |d Remote Storage  |t 0  |e HQ1101 .W6553  |h Library of Congress classification  |i unmediated -- volume  |k v.6  |l 1983  |m A14825200397 
952 f f |p ric  |a Texas A&M University  |b Rellis Campus  |c Joint Library Facility  |d Remote Storage  |t 0  |e HQ1101 .W6553  |h Library of Congress classification  |i unmediated -- volume  |k v.24:no.5-6  |l 2001:Sept./Oct.-Nov./Dec.  |m A14830197884 
952 f f |p ric  |a Texas A&M University  |b Rellis Campus  |c Joint Library Facility  |d Remote Storage  |t 0  |e HQ1101 .W6553  |h Library of Congress classification  |i unmediated -- volume  |k v.16  |l 1993  |m A14817158594 
952 f f |p ric  |a Texas A&M University  |b Rellis Campus  |c Joint Library Facility  |d Remote Storage  |t 0  |e HQ1101 .W6553  |h Library of Congress classification  |i unmediated -- volume  |k v.15  |l 1992  |m A14816998658 
998 f f |a HQ1101 .W6553  |s v.5-25 (1982-2002)  |t 0  |l Remote Storage